000 00439nam a2200181Ia 4500
005 20240823011214.0
008 240823s9999||||xx |||||||||||||| ||und||
041 _aENGLISH
082 _A621.433 P1
100 _aSaravanamuttoo HIH [et al]
245 0 _aGas Turbine theory
250 _a5th
260 _c2001
_b"Pearson,Singapore"
500 _aTRANSFERED
650 _aGas
_bAerospace Engineering
942 _cBK
999 _c160856
_d160856